State's With the First Letter Missing - Map Quiz - Statistics

General Stats
  • This quiz has been taken 25 times
  • The average score is 36 of 50
Answers on the Map
Answers color-coded by a green-red scale on the quiz's map according to % correct below.
 
Answer Stats
Answer % Correct
alifornia
95%
ashington
86%
awaii
82%
daho
82%
evada
82%
ew mexico
82%
exas
82%
ontana
82%
orth dakota
82%
ouisiana
82%
regon
82%
rizona
82%
ansas
77%
ebraska
77%
laska
77%
outh dakota
77%
tah
77%
aine
73%
innesota
73%
klahoma
73%
labama
73%
olorado
73%
owa
73%
rkansas
73%
yoming
73%
aryland
68%
elaware
68%
ennessee
68%
ennsylvania
68%
entucky
68%
eorgia
68%
irginia
68%
ississippi
68%
issouri
68%
lorida
68%
assachusetts
64%
ew jersey
64%
ew york
64%
hio
64%
ichigan
64%
isconsin
64%
ndiana
64%
orth carolina
64%
outh carolina
64%
ermont
59%
est virginia
59%
hode island
59%
llinois
59%
ew hampshire
55%
onnecticut
55%
No matching quizzes found
Score Distribution
Percent of People with Each Score
Percentile by Number Answered
Your Score History
You have not taken this quiz